Central Library OPAC University of Rajshahi
Normal view MARC view

Entry Personal Name

Number of records used in: 4

001 - CONTROL NUMBER

  • control field: 13763

003 - CONTROL NUMBER IDENTIFIER

  • control field: BD-RjUL

005 - DATE AND TIME OF LATEST TRANSACTION

  • control field: 20241009103829.0

008 - FIXED-LENGTH DATA ELEMENTS

  • fixed length control field: 241009|| aca||aabn | a|a d

040 ## - CATALOGING SOURCE

  • Original cataloging agency: BD-RjUL
  • Transcribing agency: BD-RjUL

100 ## - HEADING--PERSONAL NAME

  • Personal name: Molsom, Bertram

670 ## - SOURCE DATA FOUND

  • Source citation: Work cat.: (BD-RjUL)84097: McLachlan, David J. 13759, Data processing /, 1967.